| 000 | 01054nam a2200289 i 4500 | ||
|---|---|---|---|
| 003 | DO-SdBNP | ||
| 005 | 20250307102414.0 | ||
| 007 | ta | ||
| 008 | 240703s2023 dr aco 000 0 spa d | ||
| 020 | _a9789945250770 | ||
| 040 |
_aDO-SdBNP _bspa _cBNPHU _erda |
||
| 082 |
_bC824 _222 |
||
| 245 | 0 | 0 |
_aCorrespondencia de las familias Henríquez-Ureña / _ccompilación y presentación Cándido Gerón |
| 264 | 1 |
_aSanto Domingo : _bAGN, _c2023. |
|
| 300 |
_a396 páginas, _bilustraciones, retratos, fotografías _c23 cm. |
||
| 336 |
_2rdacontent _atexto _btxt |
||
| 337 |
_2rdamedia _asin mediación _bn |
||
| 338 |
_2rdacarrier _avolumen _bnc |
||
| 490 | 1 |
_aArchivo General de la Nacion _v494 |
|
| 500 | _aIncluye datos biográficos del compilador en la solapa de la portada. | ||
| 500 | _aIncluye índice onomástico. | ||
| 590 | _aInventariado, 2024/ YL | ||
| 700 | 1 |
_aGerón, Cándido _ecompilación y presentación _985934 |
|
| 710 | 2 |
_aArchivo General de la Nación (República Dominicana) _985400 |
|
| 910 | _aYLockward | ||
| 942 |
_2ddc _cLBS1 |
||
| 999 |
_c57122 _d57122 |
||